Movies Quiz

Random Movies or Minefield Quiz

Disney: Oldest to Newest Quiz Stats

 Plays Quiz Updated Dec 8, 2017

Challenge
Share
Tweet
Embed
Score 0/15 Timer 03:00
56 Plays Today
% Correct
???
100%
???
69.6%
???
52%
???
34.3%
???
28.8%
???
21%
???
13.3%
???
10.4%
% Correct
???
8.2%
???
6%
???
4.7%
???
4.5%
???
4.3%
???
4.1%
???
4.1%

You're not logged in!

Compare scores with friends on all Sporcle quizzes.
Join for Free
OR
Log In

You Might Also Like...

Show Comments

Extras

Top Quizzes Today


Score Distribution

Your Account Isn't Verified!

In order to create a playlist on Sporcle, you need to verify the email address you used during registration. Go to your Sporcle Settings to finish the process.

Report this User

Report this user for behavior that violates our Community Guidelines.

Details: